[Event "Liga CS - istok 2016"]
[Site "Kladovo"]
[Date "2016.10.15"]
[Round "10.11"]
[White "Urosevic, Goran"]
[Black "Trailovic, Mile"]
[Result "1-0"]
[WhiteElo "2265"]
[BlackElo "2080"]
[PlyCount "0"]
[EventDate "2016.09.04"]

1.d4 Nf6 2.c4 g6 3.Nc3 Bg7 4.e4 d6 5.Nf3 O-O 6.Be2 Nc6 7.d5 Nb8
8.O-O Nbd7 9.Qc2 h6 10.Bd2 Re8 11.Rfe1 Nf8 12.h3 e5 13.b4 a6
14.c5 Nh5 15.Rac1 Nf4 16.Bf1 dxc5 17.bxc5 Qf6 18.Bxf4 Qxf4 19.Be2
h5 20.Rcd1 g5 21.Nh2 g4 22.g3 Qg5 23.h4 Qg6 24.Bd3 Nd7 25.Na4
Bf8 26.Nf1 Rb8 27.Ne3 b5 28.cxb6 cxb6 29.Qc6 b5 30.Nb2 Rb6 31.Qxg6+
fxg6 32.Bb1 Bd6 33.Rc1 Bb7 34.Nd3 Rc8 35.Rxc8+ Bxc8 36.Rc1 Bb7
37.a4 a5 38.axb5 Rxb5 39.Nc4 Bb8 40.Bc2 Nc5 41.Ndxe5 Rb4 42.Rb1
Kg7 43.Rxb4 axb4 44.Nc6 Bxc6 45.dxc6 Ne6 46.Ba4 Kf6 47.Nb6 Bc7
48.Nd5+ Ke5 49.Nxb4 Ba5 50.Na6 Kd6 51.Kg2 Bd8 52.Nb8 Nc5 53.Bc2
g5 54.hxg5 Bxg5 55.e5+ Kc7 56.Nd7 Ne6 57.Be4 Ng7 58.Nf6 Bc1 59.Bg6
h4 60.gxh4 Kxc6 61.h5 Bf4 62.Nxg4 Bg5 63.h6 Ne6 64.Be4+ 1-0

[Event "Liga CS - istok 2016"]
[Site "Kladovo"]
[Date "2016.10.15"]
[Round "10.14"]
[White "Klcesko, Nebojša"]
[Black "Jakovljevic, Dejan"]
[Result "1-0"]
[WhiteElo "1982"]
[BlackElo "2080"]
[PlyCount "0"]
[EventDate "2016.09.04"]

1.d4 Nf6 2.Nf3 c5 3.e3 d5 4.dxc5 e6 5.c4 Bxc5 6.Nc3 Bb4 7.Qb3
Nc6 8.Bd2 dxc4 9.Bxc4 O-O 10.O-O Qe7 11.Qc2 a6 12.a3 Bd6 13.Rfd1
b5 14.Bd3 Ne5 15.Nxe5 Bxe5 16.f4 Bb8 17.Ne4 Nd5 18.Nc5 f5 19.g3
Ba7 20.b4 Bb7 21.e4 Nf6 22.exf5 Qd6 23.Be3 Ng4 24.Re1 Nxe3 25.Rxe3
exf5 26.Bxf5 Qd4 27.Rae1 Rae8 28.Be6+ Rxe6 29.Nxe6 Qd5 30.Kf1
Qh1+ 31.Ke2 Qxh2+ 32.Kd1 Qh5+ 33.Kc1 Rc8 34.Rc3 Re8 35.Rc7 1-0

[Event "Liga CS - istok 2016"]
[Site "Kladovo"]
[Date "2016.10.15"]
[Round "10.15"]
[White "Miljkovic, Jovana**"]
[Black "Floricelovic, Milos"]
[Result "1/2-1/2"]
[WhiteElo "2018"]
[BlackElo "1953"]
[PlyCount "0"]
[EventDate "2016.09.04"]

1.d4 Nf6 2.c4 c5 3.d5 e5 4.Nc3 d6 5.e4 g6 6.g3 Bg7 7.Bg2 O-O
8.Nge2 a6 9.O-O Nbd7 10.Bh3 Nb6 11.Bxc8 Qxc8 12.b3 Qh3 13.f3
Nh5 14.Rf2 f5 15.Qf1 Qxf1+ 16.Rxf1 Rf7 17.Bd2 Raf8 18.Kg2 Nd7
19.Rab1 Nhf6 20.h3 h5 21.Rbc1 1/2-1/2

[Event "Liga CS - istok 2016"]
[Site "Kladovo"]
[Date "2016.10.15"]
[Round "10.16"]
[White "Stanojevic, Dragoljub"]
[Black "Golubovic, Marko"]
[Result "0-1"]
[WhiteElo "1896"]
[BlackElo "1977"]
[PlyCount "0"]
[EventDate "2016.09.04"]

1.c4 e5 2.Nc3 Nc6 3.Nf3 f5 4.e4 fxe4 5.Nxe4 Nf6 6.Bd3 d5 7.Nxf6+
gxf6 8.cxd5 Qxd5 9.Qe2 Bg4 10.Be4 Qd7 11.Qb5 O-O-O 12.Bxc6 bxc6
13.Qa6+ Kb8 14.Ng1 Bb4 15.f3 Bxd2+ 16.Kf1 Bf5 17.Ne2 Bd3 18.Qa3
Ka8 19.Bxd2 Bxe2+ 20.Kxe2 Qxd2+ 21.Kf1 Rhg8 22.Rg1 e4 23.Re1
Qd3+ 24.Qxd3 exd3 25.Kf2 Rg5 26.Rd1 d2 27.Ke2 Rgd5 28.Kf2 Ra5
29.a3 Rb5 30.b4 a5 31.Rb1 c5 32.Ke2 cxb4 33.axb4 Rxb4 34.Ra1
Kb7 35.Rgd1 Kb6 36.Ra2 Rbd4 37.Rb2+ Kc5 38.Rc2+ Kb4 39.Rxc7 Rc4
40.Rxh7 Kc3 41.Rb7 Kc2 42.Rbb1 a4 43.Ra1 Re8+ 44.Kf2 a3 45.Rh1
Rd4 46.Rhd1 a2 47.g4 Rb4 48.Rh1 Rb2 49.h4 Re1 50.Rhxe1 dxe1Q+
51.Rxe1 Kd3+ 0-1

[Event "Liga CS - istok 2016"]
[Site "Kladovo"]
[Date "2016.10.15"]
[Round "10.21"]
[White "Todorovic, Zoran D"]
[Black "Tosic, Branislav"]
[Result "1/2-1/2"]
[WhiteElo "2091"]
[BlackElo "2220"]
[PlyCount "0"]
[EventDate "2016.09.04"]

1.d4 f5 2.c4 Nf6 3.Nf3 g6 4.g3 Bg7 5.Bg2 d6 6.d5 c6 7.O-O O-O
8.Nc3 e5 9.e4 c5 10.exf5 gxf5 11.Ng5 Qe7 12.Ne6 Bxe6 13.dxe6
Nc6 14.Nd5 Nxd5 15.cxd5 Nd4 1/2-1/2

[Event "Liga CS - istok 2016"]
[Site "Kladovo"]
[Date "2016.10.15"]
[Round "10.22"]
[White "Mitrovic, Darko A"]
[Black "Mitic, Dragan"]
[Result "0-1"]
[WhiteElo "2050"]
[BlackElo "2129"]
[PlyCount "0"]
[EventDate "2016.09.04"]

1.e4 c5 2.Nf3 Nc6 3.d4 cxd4 4.Nxd4 Nf6 5.Nc3 e6 6.Ndb5 a6 7.Nd6+
Bxd6 8.Qxd6 Qe7 9.Qc7 O-O 10.Bg5 h6 11.Bh4 Qb4 12.Bxf6 gxf6 13.O-O-O
Qa5 14.Qxa5 Nxa5 15.Be2 b5 16.f4 Nb7 17.Bf3 Rb8 18.Rd2 Na5 19.Rhd1
Nc4 20.Rd3 Rd8 21.b3 Nb6 22.a3 Bb7 23.e5 Bxf3 24.Rxf3 f5 25.g4
fxg4 26.Rg1 Kh8 27.Rxg4 Rg8 28.Rh4 Rg1+ 29.Kd2 Kg7 30.Rg3+ Rxg3
31.hxg3 Rh8 32.g4 f5 33.Kd3 d6 34.Kd4 Rc8 35.exd6 Rc6 36.gxf5
exf5 37.Rh3 Nd7 38.Kd5 Rb6 39.Ke6 Nf8+ 40.Kxf5 Rxd6 41.Ne4 Rd5+
42.Kg4 Rd4 43.Rg3 Kf7 44.Kf3 Ne6 45.Ke3 Rd1 46.f5 Re1+ 0-1

[Event "Liga CS - istok 2016"]
[Site "Kladovo"]
[Date "2016.10.15"]
[Round "10.23"]
[White "Miljkovic, Slobodan*"]
[Black "Zivkovic, Toplica"]
[Result "0-1"]
[WhiteElo "1752"]
[BlackElo "1964"]
[PlyCount "0"]
[EventDate "2016.09.04"]

1.e4 c5 2.Nf3 Nc6 3.d4 cxd4 4.c3 dxc3 5.Nxc3 g6 6.Bc4 e6 7.Qe2
Bg7 8.O-O Nge7 9.Rd1 a6 10.Be3 O-O 11.Bc5 Re8 12.Qe3 d5 13.exd5
Nxd5 14.Nxd5 exd5 15.Rxd5 Rxe3 16.Rxd8+ Nxd8 17.fxe3 Bxb2 18.Rb1
Bf6 19.Nd4 b5 20.Bb3 Bb7 21.Rf1 Kg7 22.Ne2 a5 23.Rd1 a4 24.Bd5
Rc8 25.Bb4 Bxd5 26.Rxd5 Rc2 27.Rd2 Rxd2 28.Bxd2 Nc6 29.Nc3 Bxc3
30.Bxc3+ Kf8 31.Bf6 Ke8 32.Kf1 Kd7 33.Ke2 Ke6 34.Bc3 b4 35.Bb2
Kd5 36.Kd3 f5 37.Bg7 Na5 38.g4 Nc4 39.gxf5 gxf5 40.h4 b3 41.axb3
axb3 42.Bc3 h5 43.Bd4 b2 44.Kc2 Ke4 45.Bc5 Nxe3+ 46.Kxb2 Kd3
47.Bd6 Nc4+ 0-1

[Event "Liga CS - istok 2016"]
[Site "Kladovo"]
[Date "2016.10.15"]
[Round "10.33"]
[White "Suhartovic, Branislav"]
[Black "Celenkovic, Bojan*"]
[Result "1/2-1/2"]
[WhiteElo "2148"]
[BlackElo "2048"]
[PlyCount "0"]
[EventDate "2016.09.04"]

1.e4 e5 2.Nf3 Nc6 3.Bb5 a6 4.Bxc6 dxc6 5.O-O Qf6 6.d4 exd4 7.Qxd4
Be7 8.Qxf6 Nxf6 9.Re1 Bg4 10.Bf4 O-O-O 11.Nbd2 h6 12.h3 Be6 13.Nb3
c5 14.Be5 b6 15.Bc3 g5 16.Ne5 Kb7 17.Ng4 Bxg4 18.hxg4 Rhe8 19.f3
Nd7 20.Rad1 Nf8 21.Kf2 Ne6 22.g3 c4 23.Nc1 b5 24.Ne2 c5 25.Rh1
b4 26.Bd2 Bf6 27.c3 Rd7 28.Be3 Rd3 29.Nc1 Rxd1 30.Rxd1 Kc6 31.Ne2
Nc7 32.Rd2 Nb5 33.Rd5 Re5 34.Rxe5 Bxe5 35.f4 Bg7 36.e5 b3 37.axb3
cxb3 38.c4 Nc7 39.Nc1 f6 40.Nxb3 fxe5 41.f5 e4 42.Bxc5 Bxb2 43.Bb4
Ne8 44.Ke3 Nf6 45.Be7 Nxg4+ 46.Kxe4 Bf6 47.Bxf6 Nxf6+ 48.Ke5
Ng4+ 49.Ke6 h5 50.Nd4+ Kc5 51.Nf3 a5 52.Nxg5 Kxc4 53.Ne4 a4 54.Nd2+
Kd3 55.Nb1 Ke3 56.f6 Nxf6 57.Kxf6 Kf3 1/2-1/2

[Event "Liga CS - istok 2016"]
[Site "Kladovo"]
[Date "2016.10.15"]
[Round "10.34"]
[White "Damjanovic, Nebojsa"]
[Black "Stojanovic, Goran"]
[Result "1/2-1/2"]
[WhiteElo "2039"]
[BlackElo "2022"]
[PlyCount "0"]
[EventDate "2016.09.04"]

1.e4 d6 2.d4 Nf6 3.Bd3 g6 4.Ne2 Bg7 5.f3 c6 6.Be3 e5 7.dxe5 dxe5
8.O-O Be6 9.c4 Nbd7 10.Nbc3 Qe7 11.Qc2 Nc5 12.Rfd1 Rd8 13.Na4
Nfd7 14.Nxc5 Nxc5 15.b3 O-O 16.Nc3 Nxd3 17.Rxd3 Rxd3 18.Qxd3
Rd8 19.Qc2 h6 20.a4 Qc7 21.Rd1 Bf8 22.Ne2 Rxd1+ 23.Qxd1 Bd6 24.g3
Qd7 25.Qc2 Qe7 26.Kg2 Bc5 27.Bd2 Qd6 28.Bc3 a6 29.f4 f6 30.fxe5
fxe5 31.Qb2 Ba3 32.Qc2 b5 33.axb5 axb5 34.cxb5 cxb5 35.Ba1 Qb4
36.Bxe5 Bxb3 37.Qc8+ Qf8 38.Qb7 Qf7 39.Qxb5 Bc4 40.Qb8+ Bf8 41.Qb2
Bc5 42.Qb8+ Bf8 43.Qb2 1/2-1/2

[Event "Liga CS - istok 2016"]
[Site "Kladovo"]
[Date "2016.10.15"]
[Round "10.35"]
[White "Milunovic, Sasa"]
[Black "Korbovljanovic, Natasa*"]
[Result "1-0"]
[WhiteElo "1932"]
[BlackElo "1824"]
[PlyCount "0"]
[EventDate "2016.09.04"]

1.d4 d5 2.c4 e6 3.Nf3 Nf6 4.e3 c6 5.Nbd2 Nbd7 6.Bd3 Bd6 7.O-O
O-O 8.b3 e5 9.dxe5 Nxe5 10.Be2 dxc4 11.Bxc4 Bg4 12.Be2 Qe7 13.Bb2
Rad8 14.Qc2 Nd5 15.a3 Nxf3+ 16.Nxf3 Bxf3 17.Bxf3 Be5 18.Bxe5
Qxe5 19.Qc5 Qb8 20.b4 Nb6 21.a4 Qd6 22.Qxd6 Rxd6 23.a5 Nc4 24.Rfc1
Nd2 25.Bd1 Rfd8 26.Be2 g6 27.h3 Kg7 28.a6 b5 29.Bd1 Nc4 30.Bf3
Kf6 31.Rc3 Ne5 32.Be4 Rd1+ 33.Rxd1 Rxd1+ 34.Kh2 Rd6 35.Rc5 Ke6
36.f4 Nd3 37.Bxd3 Rxd3 38.Rxc6+ Kd7 39.Rc5 Rd6 40.Rxb5 Rxa6 41.Rb7+
Ke6 42.Kg3 h5 43.Kf3 f5 44.g4 hxg4+ 45.hxg4 Ra3 46.g5 Kd5 47.Rf7
Ra6 48.Rc7 Kd6 49.Rf7 Kd5 50.Rd7+ Ke6 51.Rb7 Kd5 52.Rd7+ Ke6
53.Rd4 Ra3 54.Rc4 Kd7 55.Ke2 Rb3 56.e4 fxe4 57.Rxe4 a6 58.Kd2
Rf3 59.Rc4 Rb3 60.Kc2 Rf3 61.Kb2 Rd3 62.Kc2 Rf3 63.Kd2 Rb3 64.Ke2
Ra3 65.Re4 Rb3 66.Kf2 Rd3 67.Rc4 Rb3 68.Re4 Rd3 69.f5 Rd5 70.Rf4
gxf5 71.Kg3 Ke7 72.Kh4 Kf7 73.Kh5 Kg7 74.Rc4 Rd7 75.Rc6 Ra7 76.Rg6+
Kh7 77.Rf6 Kg7 78.Rxf5 Rb7 79.Rf4 Rb5 80.Rd4 Rb7 81.Rc4 Rd7 82.Rc6
Rd1 83.Rxa6 Rh1+ 84.Kg4 Rg1+ 85.Kf4 Rf1+ 86.Ke3 Rf5 87.Ra5 Rf1
88.Kd3 Kg6 89.Rc5 Rb1 90.Kc4 1-0

[Event "Liga CS - istok 2016"]
[Site "Kladovo"]
[Date "2016.10.15"]
[Round "10.36"]
[White "Floric, Nenad"]
[Black "Mitrovic, Aleksandar"]
[Result "1-0"]
[WhiteElo "1781"]
[BlackElo "1780"]
[PlyCount "0"]
[EventDate "2016.09.04"]

1.c4 e6 2.Nc3 d5 3.d4 dxc4 4.e4 a6 5.Bxc4 b5 6.Bb3 Bb7 7.Nf3
b4 8.Ba4+ Bc6 9.Ne5 Bd7 10.Ne2 Nf6 11.Nf4 Be7 12.Nxd7 Nfxd7 13.Qg4
O-O 14.e5 Nb6 15.Nh5 g6 16.Bc2 Kh8 17.O-O Rg8 18.Ng3 Nc6 19.Rd1
a5 20.Ne4 a4 21.Nc5 Rg7 22.Ne4 Nd5 23.Bh6 Rg8 24.Ng5 Qe8 25.Qh4
Nd8 26.Qh3 Bxg5 27.Bxg5 Nc6 28.Be4 Nce7 29.Rac1 Ra7 30.Rd3 Rg7
31.g4 Rg8 32.Qh4 Rg7 33.Rh3 Kg8 34.Bf6 Nf4 35.Qh6 Nxh3+ 36.Qxh3
Nd5 37.Bxd5 exd5 38.Rc5 Qe6 39.f3 h5 40.Qh4 Rh7 41.Qg3 hxg4 42.fxg4
Kf8 43.Kg2 Ke8 44.h3 Kd7 45.Qd3 c6 46.Kg3 Qe8 47.Rxd5+ Kc7 48.Rd6
Kb7 49.Qc4 Ra6 50.d5 Rb6 51.Rd8 Rh8 52.Rxe8 Rxe8 53.d6 Re6 1-0

[Event "Liga CS - istok 2016"]
[Site "Kladovo"]
[Date "2016.10.15"]
[Round "10.37"]
[White "Petrovic, Marija V**"]
[Black "Popovic, Marko"]
[Result "0-1"]
[WhiteElo "1553"]
[BlackElo "1550"]
[PlyCount "0"]
[EventDate "2016.09.04"]

1.e4 c5 2.Nf3 d6 3.d4 cxd4 4.Nxd4 Nf6 5.Nc3 a6 6.Be2 e5 7.Nb3
Be6 8.Bg5 Be7 9.O-O Nbd7 10.Qd2 b5 11.a3 Qc7 12.Kh1 h6 13.Be3
Rc8 14.f3 Nb6 15.Bxb6 Qxb6 16.Rac1 Nh5 17.Nd5 Bxd5 18.Qxd5 Bg5
19.Rce1 Rxc2 20.Qa8+ Bd8 21.Nc1 O-O 22.Qd5 Bg5 23.Nd3 Bh4 24.Bd1
Rd2 25.Re2 Rxe2 26.Bxe2 Qe3 27.Bd1 Qd2 28.Qb3 Rc8 29.f4 Nxf4
30.Nxf4 exf4 31.Bh5 Rc4 32.a4 Qb4 33.Qh3 Bf6 34.Qd7 g6 35.Be2
Rxe4 36.Qc8+ Kg7 37.Qg4 Qxb2 38.Bf3 Qf2 39.h3 Qxf1+ 0-1

[Event "Liga CS - istok 2016"]
[Site "Kladovo"]
[Date "2016.10.15"]
[Round "10.42"]
[White "Cvetanovic, Uros*"]
[Black "Knezevic, Ilija"]
[Result "1/2-1/2"]
[WhiteElo "2247"]
[BlackElo "2152"]
[PlyCount "0"]
[EventDate "2016.09.04"]

1.Nf3 d5 2.d4 c6 3.g3 Nf6 4.Bg2 Bg4 5.h3 Bxf3 6.Bxf3 e6 7.c3
Nbd7 8.Qb3 Qb6 9.Qxb6 axb6 10.O-O Be7 11.Nd2 1/2-1/2

[Event "Liga CS - istok 2016"]
[Site "Kladovo"]
[Date "2016.10.15"]
[Round "10.45"]
[White "Urosevic, Dejan"]
[Black "Brankovan, Mario"]
[Result "1/2-1/2"]
[WhiteElo "1923"]
[BlackElo "1858"]
[PlyCount "0"]
[EventDate "2016.09.04"]

1.d4 c5 2.Nf3 Nf6 3.e3 g6 4.g3 Bg7 5.Bg2 Nc6 6.O-O cxd4 7.exd4
d6 8.h3 O-O 9.c3 Bd7 10.Re1 Qc8 11.Kh2 Re8 1/2-1/2

[Event "Liga CS - istok 2016"]
[Site "Kladovo"]
[Date "2016.10.15"]
[Round "10.46"]
[White "Agai, Dzabir"]
[Black "Jankovic, Uros**"]
[Result "1/2-1/2"]
[WhiteElo "1701"]
[BlackElo "1892"]
[PlyCount "0"]
[EventDate "2016.09.04"]

1.d4 g6 2.c4 Bg7 3.Nc3 d6 4.e4 Nf6 5.Bd3 O-O 6.Nf3 Nbd7 7.h3
e5 8.d5 Nc5 9.Be3 b6 10.Qd2 Nh5 11.g4 Nxd3+ 1/2-1/2

[Event "Liga CS - istok 2016"]
[Site "Kladovo"]
[Date "2016.10.15"]
[Round "10.51"]
[White "Zivkovic, Momcilo"]
[Black "Radenkovic, Dragan"]
[Result "1-0"]
[WhiteElo "2071"]
[BlackElo "2154"]
[PlyCount "0"]
[EventDate "2016.09.04"]

1.e4 Nf6 2.e5 Nd5 3.Nf3 d6 4.d4 Bg4 5.Be2 e6 6.O-O Be7 7.a4 Nd7
8.c4 Nb4 9.exd6 cxd6 10.Qb3 a5 11.Bd2 Qb6 12.Na3 Bxf3 13.Bxf3
Qxd4 14.Bxb4 axb4 15.Nb5 Qc5 16.Bxb7 Rd8 17.Be4 O-O 18.Qh3 g6
19.b3 Rde8 1-0

[Event "Liga CS - istok 2016"]
[Site "Kladovo"]
[Date "2016.10.15"]
[Round "10.52"]
[White "Jovic, Mirko"]
[Black "Arsic, Novica"]
[Result "1-0"]
[WhiteElo "2200"]
[BlackElo "2029"]
[PlyCount "0"]
[EventDate "2016.09.04"]

1.e4 e6 2.d4 d5 3.e5 c5 4.c3 Qb6 5.Nf3 Nc6 6.Be2 cxd4 7.cxd4
Nge7 8.Na3 Nf5 9.Nc2 Bb4+ 10.Kf1 Qc7 11.Nxb4 Nxb4 12.g4 Ne7 13.a3
Nbc6 14.Kg2 Bd7 15.b4 a6 16.Bg5 O-O 17.Bd3 f6 18.Bh4 Ng6 19.Bg3
fxe5 20.Bxg6 hxg6 21.Bxe5 Nxe5 22.Nxe5 Rf6 23.Rc1 Qd6 24.Qc2
Rc8 25.Qd3 Rcf8 26.f3 Bb5 27.Qe3 Qb6 28.h4 Bc4 29.Rcd1 Qc7 30.Rh3
Bb5 31.h5 g5 32.Rc1 Qd8 33.Ng6 Rxg6 34.hxg6 Qf6 35.Rh5 Qxg6 36.Rxg5
Qf7 37.Rh5 Qg6 38.Kg3 Bd7 39.Rch1 Kf7 40.Rh8 Rxh8 41.Rxh8 Ke7
42.Qc3 Be8 43.Qc7+ Kf6 44.Qd8+ 1-0

[Event "Liga CS - istok 2016"]
[Site "Kladovo"]
[Date "2016.10.15"]
[Round "10.53"]
[White "Desic, Zoran"]
[Black "Rasic, Jovan*"]
[Result "1/2-1/2"]
[WhiteElo "2059"]
[BlackElo "2129"]
[PlyCount "0"]
[EventDate "2016.09.04"]

1.e4 g6 2.d4 Bg7 3.Bc4 d6 4.Nc3 Nf6 5.Nge2 O-O 6.Be3 Nc6 7.Qd2
a6 8.a3 b5 9.Bd3 Ng4 10.O-O Nxe3 11.Qxe3 e5 12.d5 Nd4 13.Qd2
Qh4 14.Nxd4 exd4 15.Ne2 Re8 16.f4 Bg4 17.Rae1 f5 18.Ng3 fxe4
19.Nxe4 h6 20.Ng3 g5 21.Ne4 gxf4 22.Rxf4 Rf8 23.g3 Qh5 24.Ref1
Rxf4 25.Rxf4 Rf8 26.Rxf8+ Kxf8 27.Qf4+ Ke7 28.Nf2 Bd7 29.Qe4+
Qe5 30.Kg2 Qxe4+ 31.Bxe4 Be8 32.Kf3 Bh5+ 33.g4 Bf7 34.Nd3 a5
35.b3 Bf6 36.h3 Bg5 37.Kg3 Bd2 38.h4 Kf6 39.Kf3 Bg8 40.Ke2 Bc3
41.Kf3 Bd2 42.Ke2 Bc3 43.Nf4 Bf7 44.Nd3 Bg8 45.Nf4 Bf7 46.Nd3 1/2-1/2

[Event "Liga CS - istok 2016"]
[Site "Kladovo"]
[Date "2016.10.15"]
[Round "10.54"]
[White "Ninic, Dragoslav"]
[Black "Stevic, Dragan"]
[Result "1/2-1/2"]
[WhiteElo "2003"]
[BlackElo "1897"]
[PlyCount "0"]
[EventDate "2016.09.04"]

1.Nf3 Nf6 2.c4 c5 3.Nc3 Nc6 4.e3 d5 5.cxd5 Nxd5 6.Nxd5 Qxd5 7.Be2
e5 8.d3 Bg4 9.O-O Be7 10.h3 Bh5 11.e4 Qd7 12.Be3 O-O 13.Rc1 b6
14.a3 Rfd8 15.g4 Bg6 16.Qb3 Rac8 17.Kg2 Nd4 18.Bxd4 exd4 19.Ne5
Qe6 20.Qxe6 fxe6 21.Nxg6 hxg6 1/2-1/2

[Event "Liga CS - istok 2016"]
[Site "Kladovo"]
[Date "2016.10.15"]
[Round "10.55"]
[White "Dragojevic, Leon*"]
[Black "Radovanovic, Danko"]
[Result "0-1"]
[WhiteElo "1874"]
[BlackElo "1844"]
[PlyCount "0"]
[EventDate "2016.09.04"]

1.e4 e5 2.d4 exd4 3.c3 dxc3 4.Bc4 cxb2 5.Bxb2 d5 6.exd5 Bb4+
7.Nd2 Bxd2+ 8.Qxd2 Nf6 9.Ba3 Qd7 10.O-O-O Kd8 11.Nf3 Qa4 12.Bb4
Ne4 13.Qb2 f6 14.Nd4 Nd6 15.Bb5 Nxb5 16.Nxb5 a5 17.d6 c6 18.Nc7
axb4 19.Qe2 Qa3+ 20.Kb1 Bf5+ 21.Ka1 Qc3+ 22.Qb2 Ra5 23.Rhe1 Re5
24.Rxe5 fxe5 25.Qxc3 bxc3 26.Re1 Nd7 27.Re3 c2 28.Kb2 Nc5 29.Kc1
Kd7 30.g4 Bg6 0-1

[Event "Liga CS - istok 2016"]
[Site "Kladovo"]
[Date "2016.10.15"]
[Round "10.56"]
[White "Kujic, Goran"]
[Black "Jovkic, Nikola"]
[Result "1-0"]
[WhiteElo "1914"]
[BlackElo "1740"]
[PlyCount "0"]
[EventDate "2016.09.04"]

1.e4 e5 2.Nf3 Nc6 3.Bc4 Nf6 4.d3 Bc5 5.O-O O-O 6.Bb3 d5 7.exd5
Nxd5 8.h3 Be6 9.Nxe5 Nxe5 10.d4 Bd6 11.dxe5 Bxe5 12.c3 Qd7 13.Qf3
c6 14.Rd1 Qe7 15.Re1 Bxh3 16.Qe2 Rfe8 17.gxh3 Qh4 18.Kg2 Nf4+
19.Bxf4 Qxf4 20.Qf3 Qh2+ 21.Kf1 Bf4 22.Na3 Rf8 23.Qg2 Qxg2+ 24.Kxg2
b5 25.Rad1 Bg5 26.Rd7 a5 27.Nb1 Rac8 28.a3 a4 29.Ba2 Bf6 30.Nd2
Rcd8 31.Rxd8 Rxd8 32.Ne4 Bh4 33.Nd6 g6 34.Bxf7+ Kg7 35.Re6 Rxd6
36.Rxd6 Kxf7 37.Rxc6 Be7 38.Rb6 b4 39.Rxb4 Bxb4 40.cxb4 Ke6 41.Kf3 1-0